[Event "HUN-chT2 Charousek 1819"]
[Site "Hungary"]
[Date "2019.02.10"]
[Round "7.7"]
[White "Vargyas, Zoltan"]
[Black "Koczka, Zsolt"]
[Result "1/2-1/2"]
[WhiteElo "1989"]
[BlackElo "2237"]
[PlyCount "55"]
[EventDate "2018.09.23"]
[EventType "team-tourn"]
[EventRounds "11"]
[EventCountry "HUN"]
[SourceTitle "CBM 189 Extra"]
[Source "ChessBase"]
[SourceDate "2019.06.03"]
[SourceVersion "1"]
[SourceVersionDate "2019.06.03"]
[SourceQuality "1"]
[WhiteTeam "Balatonfuered"]
[BlackTeam "Budapest HASE"]
[WhiteTeamCountry "HUN"]
[BlackTeamCountry "HUN"]

1. e4 e6 2. d4 d5 3. Nc3 Bb4 4. e5 c5 5. a3 Bxc3+ 6. bxc3 Qc7 7. Qg4 f5 8. Qg3 cxd4 9. cxd4 Ne7 10. Bd2 Nbc6 11. Nf3 Bd7 12. Bd3 0-0-0 13. 0-0 h6 14. h4 Rdg8 15. c4 Kb8 16. Rfc1 Bc8 17. cxd5 Nxd5 18. h5 Qf7 19. Bc4 Nce7 20. Bxd5 Nxd5 21. Nh4 Rd8 22. Ng6 Rhe8 23. Rc4 Bd7 24. Rb1 Rc8 25. Qb3 Bc6 26. a4 Qd7 27. a5 a6 28. Rc5 1/2-1/2

[Event "HUN-chT2 Charousek 1819"]
[Site "Hungary"]
[Date "2019.01.27"]
[Round "6.4"]
[White "Gyurkovics, Bence"]
[Black "Koczka, Zsolt"]
[Result "1/2-1/2"]
[WhiteElo "2273"]
[BlackElo "2237"]
[PlyCount "58"]
[EventDate "2018.09.23"]
[EventType "team-tourn"]
[EventRounds "11"]
[EventCountry "HUN"]
[SourceTitle "CBM 189 Extra"]
[Source "ChessBase"]
[SourceDate "2019.06.03"]
[SourceVersion "1"]
[SourceVersionDate "2019.06.03"]
[SourceQuality "1"]
[WhiteTeam "Gyor Szechenyi"]
[BlackTeam "Budapest HASE"]
[WhiteTeamCountry "HUN"]
[BlackTeamCountry "HUN"]

1. d4 e6 2. c4 d5 3. Nc3 Nf6 4. cxd5 exd5 5. Bg5 c6 6. Qc2 Be7 7. e3 h6 8. Bh4 0-0 9. Bd3 Re8 10. Nge2 Nbd7 11. 0-0-0 Ne4 12. Bxe7 Qxe7 13. Ng3 Ndf6 14. Kb1 Bd7 15. Ngxe4 dxe4 16. Bc4 Be6 17. Qb3 Bxc4 18. Qxc4 Red8 19. Rc1 Nd5 20. a3 Nxc3+ 21. Rxc3 Rd5 22. g3 Qf6 23. Qe2 Rad8 24. Rhc1 Rf5 25. R1c2 Rdd5 26. Rb3 Qe7 27. Rbc3 Qf6 28. Rb3 Qe7 29. Rbc3 Qf6 1/2-1/2

[Event "HUN-chT2 Charousek 1819"]
[Site "Hungary"]
[Date "2018.10.07"]
[Round "2.5"]
[White "Koczka, Zsolt"]
[Black "Mincsovics, Miklos"]
[Result "1/2-1/2"]
[WhiteElo "2237"]
[BlackElo "2208"]
[PlyCount "30"]
[EventDate "2018.09.23"]
[EventType "team-tourn"]
[EventRounds "11"]
[EventCountry "HUN"]
[SourceTitle "CBM 189 Extra"]
[Source "ChessBase"]
[SourceDate "2019.06.03"]
[SourceVersion "1"]
[SourceVersionDate "2019.06.03"]
[SourceQuality "1"]
[WhiteTeam "Budapest HASE"]
[BlackTeam "Biatorbagy"]
[WhiteTeamCountry "HUN"]
[BlackTeamCountry "HUN"]

1. d4 Nc6 2. Nf3 d6 3. c4 Nf6 4. Nc3 Bg4 5. e3 e6 6. Be2 Be7 7. 0-0 0-0 8. h3 Bh5 9. b3 Re8 10. Bb2 a6 11. Rc1 Nb8 12. Qc2 Nbd7 13. Rfd1 c6 14. b4 d5 15. cxd5 exd5 1/2-1/2

[Event "HUN-chT2 Maroczy 1718"]
[Site "Hungary"]
[Date "2018.03.04"]
[Round "7.4"]
[White "Secheres, Adrian Simion"]
[Black "Koczka, Zsolt"]
[Result "1-0"]
[WhiteElo "2364"]
[BlackElo "2258"]
[PlyCount "91"]
[EventDate "2017.10.29"]
[EventType "team-tourn"]
[EventRounds "9"]
[EventCountry "HUN"]
[SourceTitle "EXT 2021"]
[Source "ChessBase"]
[SourceDate "2020.10.23"]
[SourceVersion "1"]
[SourceVersionDate "2020.10.23"]
[SourceQuality "1"]
[WhiteTeam "Kisujszallas"]
[BlackTeam "Budapest HASE"]
[WhiteTeamCountry "HUN"]
[BlackTeamCountry "HUN"]

1. d4 d5 2. c4 e6 3. Nc3 Nf6 4. cxd5 exd5 5. Bg5 Be7 6. e3 h6 7. Bf4 c6 8. Bd3 Bd6 9. Bg3 0-0 10. Nf3 Bg4 11. Qc2 Qe7 12. Bxd6 Qxd6 13. Ne5 Bc8 14. h3 Nbd7 15. f4 Qe7 16. 0-0 Ne8 17. Rf3 Nd6 18. Raf1 Nf6 19. g4 Nfe4 20. Bxe4 dxe4 21. Rg3 Re8 22. f5 f6 23. Ng6 Qf7 24. b3 b6 25. Rf4 Bb7 26. h4 Rac8 27. Qf2 c5 28. d5 b5 29. g5 b4 30. Ne2 h5 31. gxf6 Qxf6 32. Rg2 c4 33. bxc4 Rxc4 34. Ng3 Rc1+ 35. Kh2 Bxd5 36. Nxh5 Qa1 37. Ng3 Bf7 38. h5 Qf6 39. Ne2 Rc2 40. h6 Bc4 41. Qe1 Rxe2 42. Rxe2 Bxe2 43. Qxe2 a5 44. Qh5 gxh6 45. Qxh6 Nf7 46. Ne7+ 1-0

[Event "HUN-chT 1617"]
[Site "Hungary"]
[Date "2016.10.30"]
[Round "1.11"]
[White "Lorand, Norbert"]
[Black "Koczka, Zsolt"]
[Result "1/2-1/2"]
[WhiteElo "2340"]
[BlackElo "2269"]
[PlyCount "57"]
[EventDate "2016.10.30"]
[EventType "team-tourn"]
[EventRounds "9"]
[EventCountry "HUN"]
[SourceTitle "CBM 175 Extra"]
[Source "ChessBase"]
[SourceDate "2016.12.12"]
[SourceVersion "1"]
[SourceVersionDate "2016.12.12"]
[SourceQuality "1"]
[WhiteTeam "Dunaharaszti"]
[BlackTeam "HASE Lila Futo"]
[WhiteTeamCountry "HUN"]
[BlackTeamCountry "HUN"]

1. e4 e6 2. d4 d5 3. Nd2 Nc6 4. Ngf3 Nf6 5. Bd3 Be7 6. e5 Nd7 7. c3 0-0 8. Qc2 h6 9. 0-0 f5 10. b4 Ncb8 11. Nb3 c6 12. a4 b6 13. Bd2 Bb7 14. c4 Rf7 15. Rfc1 dxc4 16. Bxc4 Nf8 17. a5 b5 18. Bf1 Na6 19. Nc5 Bxc5 20. dxc5 Nc7 21. g3 Nd5 22. Ra3 Qc7 23. Re1 Rd8 24. Bg2 Bc8 25. Re2 Bd7 26. Ne1 Be8 27. f4 Rfd7 28. Bf3 Ng6 29. Rd3 1/2-1/2

[Event "HUN-chT2 Charousek 1516"]
[Site "Hungary"]
[Date "2016.04.17"]
[Round "9.5"]
[White "Koczka, Zsolt"]
[Black "Papp, Tamas"]
[Result "0-1"]
[WhiteElo "2264"]
[BlackElo "2254"]
[PlyCount "90"]
[EventDate "2015.10.18"]
[EventType "team-tourn"]
[EventRounds "9"]
[EventCountry "HUN"]
[SourceTitle "EXT 2017"]
[Source "ChessBase"]
[SourceDate "2016.10.25"]
[SourceVersion "1"]
[SourceVersionDate "2016.10.25"]
[SourceQuality "1"]
[WhiteTeam "Hobagoly"]
[BlackTeam "Decs 1990"]
[WhiteTeamCountry "HUN"]
[BlackTeamCountry "HUN"]

1. d4 g6 2. c4 c6 3. Nc3 Bg7 4. e4 d6 5. Be3 Nf6 6. f3 a6 7. Qd2 b5 8. 0-0-0 0-0 9. h4 Qc7 10. Kb1 Nbd7 11. g4 h5 12. Bh6 Rb8 13. Bxg7 Kxg7 14. Qg5 Rh8 15. Nge2 hxg4 16. Ng3 Nf8 17. e5 dxe5 18. dxe5 Nh5 19. Nce4 Ne6 20. Qe3 Qxe5 21. Nxh5+ Rxh5 22. fxg4 bxc4 23. Rd2 Rh8 24. Bxc4 Rb4 25. b3 Nf4 26. Rf1 Nd5 27. Qd4 Qxd4 28. Rxd4 Rxh4 29. a3 Rb8 30. Nf2 Ne3 31. Re1 Nxc4 32. Rxc4 Rxb3+ 33. Kc1 Rxa3 34. Rxe7 Be6 35. Rxc6 Rh2 36. Rcxe6 Rxf2 37. Kb1 Rg3 38. Re4 Rg1+ 39. Re1 Rxg4 40. Ra7 Rb4+ 41. Ka1 Ra4+ 42. Kb1 g5 43. Rg1 Kg6 44. Rc7 g4 45. Rc3 f5 0-1

[Event "HUN-chT2 Charousek 1516"]
[Site "Hungary"]
[Date "2016.03.20"]
[Round "7.5"]
[White "Koczka, Zsolt"]
[Black "Szente Varga, Fruzsina"]
[Result "1-0"]
[WhiteElo "2264"]
[BlackElo "2196"]
[PlyCount "103"]
[EventDate "2015.10.18"]
[EventType "team-tourn"]
[EventRounds "9"]
[EventCountry "HUN"]
[SourceTitle "EXT 2017"]
[Source "ChessBase"]
[SourceDate "2016.10.25"]
[SourceVersion "1"]
[SourceVersionDate "2016.10.25"]
[SourceQuality "1"]
[WhiteTeam "Hobagoly"]
[BlackTeam "Paks ASE II"]
[WhiteTeamCountry "HUN"]
[BlackTeamCountry "HUN"]

1. d4 Nf6 2. c4 c5 3. e3 e6 4. Nf3 cxd4 5. exd4 Bb4+ 6. Nc3 0-0 7. Bd3 b6 8. 0-0 Bb7 9. Bg5 Bxc3 10. bxc3 d6 11. Qe2 Nbd7 12. Nd2 Qc7 13. Qe3 d5 14. Rac1 Rac8 15. cxd5 Nxd5 16. Qh3 N7f6 17. Ne4 Nxe4 18. Bxe4 f5 19. Bf3 Ba6 20. Rfe1 Qd6 21. Qh4 Rf7 22. Bd2 Bc4 23. Rc2 Ne7 24. Qg3 Qd7 25. h4 Qa4 26. Bd1 Bxa2 27. Rb2 Qa3 28. Rb4 Bc4 29. Qg5 b5 30. Bh5 g6 31. Bf3 Qa6 32. h5 Qb6 33. Bf4 Qd8 34. Qg3 Bd5 35. Bg5 Bxf3 36. Qxf3 Qd7 37. hxg6 hxg6 38. Qg3 Nd5 39. Rb3 a6 40. Bh6 Kh7 41. Bd2 Rh8 42. Qe5 Re8 43. c4 Nf6 44. Rh3+ Nh5 45. cxb5 Qxb5 46. d5 Qc5 47. Bc3 Rd7 48. g4 Qxd5 49. gxh5 g5 50. Qf6 Rg8 51. Rxe6 Qd1+ 52. Kh2 1-0

[Event "HUN-chT2 Erkel 1415"]
[Site "Hungary"]
[Date "2014.11.30"]
[Round "3.4"]
[White "Koczka, Zsolt"]
[Black "Balogh, Zoltan"]
[Result "1/2-1/2"]
[WhiteElo "2246"]
[BlackElo "2099"]
[PlyCount "37"]
[EventDate "2014.09.28"]
[EventType "team-tourn"]
[EventRounds "9"]
[EventCountry "HUN"]
[SourceTitle "EXT 2016"]
[Source "ChessBase"]
[SourceDate "2015.10.08"]
[SourceVersion "1"]
[SourceVersionDate "2015.10.08"]
[SourceQuality "1"]
[WhiteTeam "HASE"]
[BlackTeam "Vizugy"]
[WhiteTeamCountry "HUN"]
[BlackTeamCountry "HUN"]

1. d4 Nf6 2. c4 e6 3. Nf3 b6 4. e3 Bb7 5. Bd3 Bb4+ 6. Nbd2 0-0 7. 0-0 d5 8. cxd5 exd5 9. Qc2 Nbd7 10. a3 Bd6 11. b4 Qe7 12. Bb2 Ne4 13. Rfe1 f5 14. Nf1 g5 15. Rac1 Rf7 16. Bb5 g4 17. N3d2 Qh4 18. Re2 Ndf6 19. f4 1/2-1/2

[Event "HUN-chT2 Erkel 1314"]
[Site "Hungary"]
[Date "2013.10.20"]
[Round "3.6"]
[White "Koczka, Zsolt"]
[Black "Lengyel, Laszlo"]
[Result "1-0"]
[WhiteElo "2231"]
[BlackElo "2061"]
[PlyCount "73"]
[EventDate "2013.09.08"]
[EventType "team-tourn"]
[EventRounds "11"]
[EventCountry "HUN"]
[SourceTitle "EXT 2016"]
[Source "ChessBase"]
[SourceDate "2015.10.08"]
[SourceVersion "1"]
[SourceVersionDate "2015.10.08"]
[SourceQuality "1"]
[WhiteTeam "Budapest Honved"]
[BlackTeam "Paszto"]
[WhiteTeamCountry "HUN"]
[BlackTeamCountry "HUN"]

1. d4 e6 2. c4 c5 3. e3 Nf6 4. Nf3 cxd4 5. exd4 d5 6. Nc3 Nc6 7. Be2 Be7 8. 0-0 0-0 9. Bf4 b6 10. Ne5 Bb7 11. Bf3 Na5 12. Rc1 Rc8 13. cxd5 Nxd5 14. Nxd5 Bxd5 15. Rxc8 Qxc8 16. Bxd5 exd5 17. Qf3 Qc2 18. Qxd5 Qxb2 19. h3 Qb4 20. Rc1 Qd6 21. Qe4 Qd8 22. d5 Bd6 23. Nc6 Nxc6 24. dxc6 Bxf4 25. Qxf4 Qe7 26. Rd1 Rc8 27. Rd7 Qe6 28. Rxa7 f6 29. Qg3 g6 30. Rc7 Rd8 31. Qb3 Qxb3 32. axb3 Rd1+ 33. Kh2 Rc1 34. b4 b5 35. Kg3 Rc4 36. Kf3 Rxb4 37. Rb7 1-0

[Event "HUN-chT2 Szechenyi 1213"]
[Site "Hungary"]
[Date "2012.09.16"]
[Round "1.3"]
[White "Nagy, Zoltan"]
[Black "Koczka, Zsolt"]
[Result "1/2-1/2"]
[WhiteElo "2193"]
[BlackElo "2254"]
[PlyCount "23"]
[EventDate "2012.09.16"]
[EventType "team-tourn"]
[EventRounds "11"]
[EventCountry "HUN"]
[SourceTitle "EXT 2014"]
[Source "ChessBase"]
[SourceDate "2013.11.20"]
[SourceVersion "1"]
[SourceVersionDate "2013.11.20"]
[SourceQuality "1"]
[WhiteTeam "Tapolca"]
[BlackTeam "Ajka Banyasz"]
[WhiteTeamCountry "HUN"]
[BlackTeamCountry "HUN"]

1. e4 e6 2. d4 d5 3. Nd2 Nc6 4. Ngf3 Nf6 5. e5 Nd7 6. Nb3 Be7 7. Bb5 a5 8. a4 0-0 9. 0-0 f6 10. exf6 Nxf6 11. Bxc6 bxc6 12. Ne5 1/2-1/2

[Event "HUN-chT 1112"]
[Site "Hungary"]
[Date "2012.04.22"]
[Round "9"]
[White "Koczka, Zsolt"]
[Black "Brandics, Jozsef"]
[Result "1/2-1/2"]
[WhiteElo "2243"]
[BlackElo "2308"]
[PlyCount "24"]
[EventDate "2011.09.25"]
[EventType "team-tourn"]
[EventRounds "11"]
[EventCountry "HUN"]
[SourceTitle "EXT 2013"]
[Source "ChessBase"]
[SourceDate "2012.11.22"]
[SourceVersion "1"]
[SourceVersionDate "2012.11.22"]
[SourceQuality "1"]
[WhiteTeam "Honved"]
[BlackTeam "Toth Laszlo"]
[WhiteTeamCountry "HUN"]
[BlackTeamCountry "HUN"]

1. d4 c5 2. e3 d5 3. Nf3 Nc6 4. Be2 Bg4 5. 0-0 e6 6. h3 Bh5 7. b3 cxd4 8. exd4 Rc8 9. Bb2 Nf6 10. c4 Be7 11. Nbd2 0-0 12. Ne5 Bxe2 1/2-1/2

[Event "HUN-chT 1112"]
[Site "Hungary"]
[Date "2012.04.16"]
[Round "8"]
[White "Kiss, Attila"]
[Black "Koczka, Zsolt"]
[Result "1/2-1/2"]
[WhiteElo "2358"]
[BlackElo "2243"]
[PlyCount "27"]
[EventDate "2011.09.25"]
[EventType "team-tourn"]
[EventRounds "11"]
[EventCountry "HUN"]
[SourceTitle "EXT 2013"]
[Source "ChessBase"]
[SourceDate "2012.11.22"]
[SourceVersion "1"]
[SourceVersionDate "2012.11.22"]
[SourceQuality "1"]
[WhiteTeam "HVSE Infraplan"]
[BlackTeam "Honved"]
[WhiteTeamCountry "HUN"]
[BlackTeamCountry "HUN"]

1. e4 e6 2. d4 d5 3. Nd2 Nc6 4. Ngf3 Nf6 5. e5 Nd7 6. Be2 f5 7. exf6 Nxf6 8. 0-0 Bd6 9. b3 0-0 10. Bb2 Ne7 11. Bd3 Qe8 12. Re1 Ng6 13. g3 Ng4 14. Re2 1/2-1/2

[Event "HUN-chT 1112"]
[Site "Hungary"]
[Date "2011.11.27"]
[Round "4"]
[White "Koczka, Zsolt"]
[Black "Gara, Ticia"]
[Result "1/2-1/2"]
[WhiteElo "2243"]
[BlackElo "2375"]
[PlyCount "65"]
[EventDate "2011.09.25"]
[EventType "team-tourn"]
[EventRounds "11"]
[EventCountry "HUN"]
[SourceTitle "EXT 2013"]
[Source "ChessBase"]
[SourceDate "2012.11.22"]
[SourceVersion "1"]
[SourceVersionDate "2012.11.22"]
[SourceQuality "1"]
[WhiteTeam "Honved"]
[BlackTeam "Aquaprofit"]
[WhiteTeamCountry "HUN"]
[BlackTeamCountry "HUN"]

1. d4 Nf6 2. c4 g6 3. Nc3 d5 4. cxd5 Nxd5 5. e4 Nxc3 6. bxc3 Bg7 7. Bc4 c5 8. Ne2 0-0 9. 0-0 Nc6 10. Be3 Bg4 11. f3 Bd7 12. Rb1 Rc8 13. Bd3 Qc7 14. Qd2 Rfd8 15. Rfc1 a6 16. Qb2 b5 17. a4 bxa4 18. Bxa6 Rb8 19. Qa2 Na5 20. Bc4 Nxc4 21. Qxc4 Rbc8 22. dxc5 Be5 23. h3 Bd6 24. Rd1 a3 25. Ra1 Qa7 26. Kh1 Bxc5 27. Bxc5 Rxc5 28. Qb4 Qc7 29. Qxa3 Qc8 30. Qa7 Rc7 31. Qd4 Re8 32. Kh2 Bb5 33. Rd2 1/2-1/2

[Event "HUN-chT2 Erkel 1011"]
[Site "Hungary"]
[Date "2010.09.26"]
[Round "2.3"]
[White "Halak, Miklos"]
[Black "Koczka, Zsolt"]
[Result "1-0"]
[WhiteElo "2109"]
[BlackElo "2255"]
[PlyCount "69"]
[EventDate "2010.09.12"]
[EventType "team-tourn"]
[EventRounds "11"]
[EventCountry "HUN"]
[SourceTitle "EXT 2012"]
[Source "ChessBase"]
[SourceDate "2011.11.24"]
[SourceVersion "1"]
[SourceVersionDate "2011.11.24"]
[SourceQuality "1"]
[WhiteTeam "Foti"]
[BlackTeam "Honved"]
[WhiteTeamCountry "HUN"]
[BlackTeamCountry "HUN"]

1. e4 e6 2. d4 d5 3. Nc3 Bb4 4. e5 c5 5. a3 Bxc3+ 6. bxc3 Qc7 7. Bd2 Ne7 8. f4 b6 9. Nf3 Ba6 10. Bd3 Bxd3 11. cxd3 Nd7 12. Rc1 c4 13. Qc2 b5 14. 0-0 Nb6 15. Kh1 Rc8 16. Ne1 Nf5 17. g4 Nh4 18. dxc4 Qxc4 19. Nd3 h5 20. f5 hxg4 21. fxe6 fxe6 22. Nf4 Rh6 23. Ng2 Nf5 24. Bxh6 gxh6 25. Ne3 Qc6 26. Nxf5 exf5 27. Qxf5 Kd8 28. Qxg4 Kc7 29. Rf6 Qc4 30. Qg7+ Kb8 31. Rf7 Qc6 32. Rcf1 Nc4 33. R1f6 Qa8 34. Rf8 Qb7 35. Rxc8+ 1-0

[Event "HUN-chT 0910"]
[Site "Hungary"]
[Date "2010.04.18"]
[Round "10"]
[White "Koczka, Zsolt"]
[Black "Meszaros, Tamas"]
[Result "0-1"]
[WhiteElo "2242"]
[BlackElo "2434"]
[PlyCount "60"]
[EventDate "2009.11.08"]
[EventType "team-tourn"]
[EventRounds "11"]
[EventCountry "HUN"]
[SourceTitle "EXT 2011"]
[Source "ChessBase"]
[SourceDate "2010.11.26"]
[SourceVersion "1"]
[SourceVersionDate "2010.11.26"]
[SourceQuality "1"]
[WhiteTeam "Honved"]
[BlackTeam "Csuti"]
[WhiteTeamCountry "HUN"]
[BlackTeamCountry "HUN"]

1. d4 Nf6 2. c4 e6 3. Nf3 d5 4. Nc3 dxc4 5. e3 a6 6. a4 c5 7. Bxc4 Nc6 8. 0-0 Qc7 9. Qe2 Bd6 10. dxc5 Bxc5 11. e4 Ng4 12. h3 Nd4 13. hxg4 Nxe2+ 14. Bxe2 0-0 15. Bg5 h6 16. Bd2 Bd7 17. Rac1 Bc6 18. Na2 Bd6 19. b4 Bf4 20. Rfd1 Bxd2 21. Rxd2 Qe7 22. b5 axb5 23. axb5 Bxe4 24. Rcd1 Rfd8 25. Nc3 Bxf3 26. gxf3 Rxd2 27. Rxd2 Qb4 28. Rd3 Rc8 29. Ne4 Rc1+ 30. Kg2 Qe1 0-1

[Event "HUN-chT2 Breyer 0910"]
[Site "Hungary"]
[Date "2009.11.22"]
[Round "2"]
[White "Koczka, Zsolt"]
[Black "Horvath, Gabor"]
[Result "1-0"]
[WhiteElo "2224"]
[BlackElo "2277"]
[PlyCount "101"]
[EventDate "2009.11.08"]
[EventType "team-tourn"]
[EventRounds "11"]
[EventCountry "HUN"]
[SourceTitle "EXT 2011"]
[Source "ChessBase"]
[SourceDate "2010.11.26"]
[SourceVersion "1"]
[SourceVersionDate "2010.11.26"]
[SourceQuality "1"]
[WhiteTeam "Honved II"]
[BlackTeam "MAFC"]
[WhiteTeamCountry "HUN"]
[BlackTeamCountry "HUN"]

1. d4 Nf6 2. c4 g6 3. Nc3 Bg7 4. e4 d6 5. f3 0-0 6. Be3 e5 7. d5 Nh5 8. Qd2 f5 9. 0-0-0 Nd7 10. exf5 gxf5 11. g4 Nf4 12. Nge2 fxg4 13. fxg4 Nc5 14. Nxf4 exf4 15. Bd4 Bxd4 16. Qxd4 Qf6 17. Nb5 Qxd4 18. Rxd4 Rf7 19. b4 Na4 20. Bd3 a6 21. Na3 Bd7 22. Rf1 Raf8 23. h3 Kg7 24. Kd2 Kh6 25. Nc2 Nb2 26. Ne1 Nxd3 27. Kxd3 Re7 28. Ng2 f3 29. Nf4 Kg5 30. Rxf3 Ref7 31. Ke3 c6 32. dxc6 bxc6 33. Rxd6 Re8+ 34. Kf2 Ref8 35. Kg3 Bxg4 36. hxg4 Rxf4 37. Rxf4 Rxf4 38. Rxc6 Rxg4+ 39. Kf3 Rf4+ 40. Ke3 Kg4 41. a4 Rf3+ 42. Kd4 h5 43. b5 axb5 44. axb5 h4 45. b6 Rb3 46. c5 h3 47. Rh6 Kg5 48. Rxh3 Rxh3 49. b7 Rb3 50. c6 Kf6 51. c7 1-0

[Event "HUN-chT2 Breyer 0708"]
[Site "Hungary"]
[Date "2007.10.14"]
[Round "1"]
[White "Meixner, Ferenc"]
[Black "Koczka, Zsolt"]
[Result "1/2-1/2"]
[WhiteElo "2140"]
[BlackElo "2213"]
[PlyCount "32"]
[EventDate "2007.10.14"]
[EventType "team"]
[EventRounds "11"]
[EventCountry "HUN"]
[SourceTitle "EXT 2009"]
[Source "ChessBase"]
[SourceDate "2008.11.26"]
[SourceVersion "1"]
[SourceVersionDate "2008.11.26"]
[SourceQuality "1"]
[WhiteTeam "Esztergom"]
[BlackTeam "Honved II"]
[WhiteTeamCountry "HUN"]
[BlackTeamCountry "HUN"]

1. d4 e6 2. Nf3 d5 3. Bf4 Bd6 4. Bg3 Bxg3 5. hxg3 Qd6 6. c3 Nf6 7. e3 Nbd7 8. Nbd2 e5 9. dxe5 Nxe5 10. Nxe5 Qxe5 11. Nf3 Qe7 12. Bd3 c6 13. Rc1 h6 14. 0-0 0-0 15. Re1 Bg4 16. Qa4 Rfe8 1/2-1/2